01896 a2200301 45000010006000000050017000060080041000230030015000640400040000790800097001192450069002160200018002852640051003033000019003545050841003731000020012147000019012347000027012537000021012807000020013017000020013217000020013417000031013617000019013927000024014117000024014358560135014592265620260407155517.0260407a1988 arg spa dAR-UNSa-BCEJYS aAR-UNSa-BCEJYSbspacAR-UNSa-BCEJYS a338.43xAgricultura como una rama de la economía. Economía de los productos alimenticios10aLa agricultura pampeanaptransformaciones productivas y sociales a950-557-035-X 1aMéxico :bFondo de Cultura Económicac1988 a422 p.c23 cm. a1. La caída de la producción agrícola pampeana en la década de 1940 / Osvaldo Barsky - 2. Las etapas del cambio tecnológico / Edith S. de Obschatko - 3. La industria de maquinaria agrícola en Argentina - 4. Semillas mejoradas: desarrollo industrial e impacto sobre la producción agrícola / Marta Gutierrez - 5. Difusión de plaguicidas y estructura de la oferta - 6. Reestructuración de la oferta industrial / Eduardo Jacobs - 7. Tenencia de la tierra y estructura social en la provincia de Buenos Aires / Ignacio Llovet - 8. Las organizaciones corporativas del sector agropecuario / Roberto Martínez Nogueira - 9. Sobre expansión capitalista y heterogeneidad social / Miguel Murmis - 10. Situación del sector ante la crisis - 11. El desafío tecnológico. Lineamientos de estrategia / Juan Carlos del Bello1 aBarsky, Osvaldo1 aCirio, Félix1 aDel Bello, Juan Carlos1 aGutierrez, Marta1 aHuici, Néstor1 aJacobs, Eduardo1 aLLovet, Ignacio1 aMartinez Nogueira, Roberto1 aMurmis, Miguel1 aPiñeiro, Martín1 aObschatko, Edith S.41uhttps://biblioeco.unsa.edu.ar/pmb/images/libros/La agricultura pampeana Barsky, Osvaldo (1988).jpgyImagen de portadaqimage/jpeg